...

NIRU LIBRARY

The globalization of terrorism (Record no. 593)

MARC details
000 -LEADER
fixed length control field 00586nam a22001817a 4500
003 - CONTROL NUMBER IDENTIFIER
control field OSt
005 - DATE AND TIME OF LATEST TRANSACTION
control field 20260109123106.0
008 - FIXED-LENGTH DATA ELEMENTS--GENERAL INFORMATION
fixed length control field 260109b |||||||| |||| 00| 0 eng d
020 ## - INTERNATIONAL STANDARD BOOK NUMBER
International Standard Book Number 978 9966 1962 1 7
040 ## - CATALOGING SOURCE
Original cataloging agency NIRU
Language of cataloging EN
Transcribing agency NIRU
050 ## - LIBRARY OF CONGRESS CALL NUMBER
Classification number HV 6431
Item number .A45 2017
100 ## - MAIN ENTRY--PERSONAL NAME
Personal name Ali Mustafa Y.
Relator term [Author]
245 ## - TITLE STATEMENT
Title The globalization of terrorism
Remainder of title FROM SICARIIS, ASSASSINS TO ISIS
Statement of responsibility, etc. Mustafa Y. Ali
260 ## - PUBLICATION, DISTRIBUTION, ETC.
Place of publication, distribution, etc. Nairobi, Kenya
Name of publisher, distributor, etc. The horn institute for strategic studies
Date of publication, distribution, etc. 2017
300 ## - PHYSICAL DESCRIPTION
Extent 258 p.
Other physical details ill.
650 ## - SUBJECT ADDED ENTRY--TOPICAL TERM
Topical term or geographic name entry element Terrorism
Form subdivision globalization
General subdivision Franchising terror
942 ## - ADDED ENTRY ELEMENTS (KOHA)
Source of classification or shelving scheme Library of Congress Classification
Koha item type Books
Suppress in OPAC No
Holdings
Withdrawn status Lost status Source of classification or shelving scheme Damaged status Not for loan Home library Current library Shelving location Date acquired Source of acquisition Total checkouts Full call number Barcode Date last seen Price effective from Koha item type
    Library of Congress Classification     NIRU LIBRARY NIRU LIBRARY General stacks 01/09/2026 Depository   HV 6431 .A45 2017 2026-0005 01/09/2026 01/09/2026 Books
Copyright © 2025&6. National Intelligence and Research University. All Rights Reserved.